000 00825nac a22002657a 4500
001 BR6002827
003 BR-BrBNA
005 20240105113047.0
008 230509b bl.|||m| |||| 00| 0 por d
040 _aBR-BrBNA
_bpor
_cBiblioteca Nacional de Agricultura
072 _aH20
090 _a0440 BR6002827
100 1 _aNowacki, M.J.
110 1 _aInstituto de Biologia e Pesquisas Tecnologicas, Curitiba, PR (Brasil)
_95978
245 1 _aDoencas do linho no estado do Parana [Brasil]
260 3 _aCuritiba, PR (Brasil):
_c1953.
300 _a16 p.
490 _aBoletim - Instituto de Biologia e Pesquisas Tecnologicas (Brazil)
_vno. 22
_x
500 _a8 ref.
650 _aLINHO
650 _aDOENCA DE PLANTA
650 _aPARANA
909 _a202312
_bLúcia Elande
_c55
_dLúcia Elande
942 _2AGRIS
_n0
_cMS
999 _c261665
_d261665